| 000 | 00477nam a22001577a 4500 | ||
|---|---|---|---|
| 082 |
_a628.24 _bBAT _cL-23, P-1 |
||
| 100 |
_aBateson, T.C.H _944183 |
||
| 245 |
_aA students introduction to sewage works design _cBateson, T.C.H |
||
| 250 | _a1st ed. | ||
| 260 |
_aLondon _bSir Isaac pitman & sons _c1958 |
||
| 300 |
_ax, 144 p. _bill. _c28 cm |
||
| 526 |
_a0 _b0 _c0 _d628_240000000000000_BAT |
||
| 526 |
_a0 _b0 _c0 _d628_240000000000000_BAT |
||
| 650 |
_aMCE _9379 |
||
| 942 |
_2ddc _cBK |
||
| 999 |
_c548001 _d548001 |
||